000 00525nam a22001937a 4500
999 _c2019
_d2019
003 SLTCLib
008 260604b ce ||||| |||| 00| 0 eng d
020 _a9781718503403
041 _aEnglish
080 _a004.43=93
_bSWE
100 _aSweigart, AI
_93562
245 _aAutomate the Boring Stuff with Python
_bPractical Programming for Total Beginners
250 _a3rd.
260 _bWilliam Pollock
_c2025
300 _a622p.
650 0 _93132
_aProgramming languages
650 0 _92267
_a Python
942 _2lcc
_cMRE
945 _a3725
_bIshara wickramage
_c3725
_dIshara wickramage